000 00857nam0a22002531 4500
001 rc\873956
005 20250622024853.0
035 _a(NLR Aleph) 006052191
090 _a4818205
_c4818205
100 _a20041129d1984 |||y0rusy50 ca
101 0 _arus
102 _aRU
105 _aa |||||||||
200 1 _aСоединение полупроводниковых и прецизионных материалов со стеклом
_fВсесоюз. совет НТО. Черниг. обл. совет
210 _aЧернигов
_cВСНТО
_d1984
215 _a53 с.
_cил.
_d21
225 1 _aНовые процессы пайки, сварки
320 _aБиблиогр.: с. 48-53
700 1 _aХоменко
_bН.Н.
801 0 _aRU
_bNLR
_gpsbo
801 1 _aRU
_bELAR
_2rusmarc
852 _aNLR
_j86-4/14171
942 _cBOOK
980 _aNB